| 000 | 00475cam a2200181ua 4500 | ||
|---|---|---|---|
| 001 | 11245 | ||
| 008 | 190904n ii |||gr||||Z||||||asm | ||
| 040 | _cMAIN | ||
| 082 | _a491.451 | ||
| 100 |
_aKhagesh Sen Deka, _eAuthor. |
||
| 245 |
_aBhasa chintar rengani _cBy Khagesh Sen Deka |
||
| 250 | _a1st ed. | ||
| 260 |
_aGuwahati: _bJyoti prakashan, _c2016. |
||
| 300 | _a151p. | ||
| 653 | _aEast Indo-European & Celtic languages | ||
| 653 | _aAssamese Language | ||
| 942 | _cBK | ||
| 999 |
_c10106 _d10106 |
||